[Event "DVM U12 2016"]
[Site "Magdeburg GER"]
[Date "2016.12.29"]
[Round "6"]
[White "Eschner, Fabian"]
[Black "Sinnhöfer, Lilian"]
[Result "1-0"]
[Termination "normal"]
[Board "5.3"]
[WhiteElo "1515"]
[BlackElo "1319"]
[WhiteClock "01:16:51"]
[BlackClock "00:06:07"]
[WhiteTeam "Schachzwerge Magdeburg"]
[BlackTeam "Delmenhorster SK"]
[PlyCount "163"]
[WhiteFideId "16232860"]
[BlackFideId "12977586"]
[EventCountry "GER"]
[EventRounds "7"]
[EventType "team-swiss"]
[EventDate "2016.12.26"]

1. e4 {[%clk 1:15:56]} e5 {[%clk 1:15:59]} 2. Nf3 {[%clk 1:16:19]} Nc6 {[%clk
1:16:07]} 3. Bc4 {[%clk 1:16:39]} Bc5 {[%clk 1:15:59]} 4. c3 {[%clk 1:16:57]}
Nf6 {[%clk 1:13:21]} 5. d4 {[%clk 1:17:15]} exd4 {[%clk 1:12:27]} 6. e5 {[%clk
1:17:42]} Ng8 {[%clk 1:10:30]} 7. cxd4 Bb4+ {[%clk 1:07:38]} 8. Bd2 {[%clk
1:15:55]} h6 {[%clk 1:00:00]} 9. Bxb4 {[%clk 1:15:33]} Nxb4 {[%clk 0:59:02]}
10. Bxf7+ {[%clk 1:13:47]} Kxf7 {[%clk 0:55:25]} 11. Qb3+ {[%clk 1:13:57]} Ke8
{[%clk 0:51:16]} 12. Qxb4 {[%clk 1:14:14]} Ne7 {[%clk 0:50:50]} 13. Nc3 {[%clk
1:14:24]} Nc6 {[%clk 0:49:12]} 14. Qb3 {[%clk 1:14:01]} Qe7 {[%clk 0:46:48]}
15. O-O {[%clk 1:13:26]} Kd8 {[%clk 0:42:44]} 16. Rac1 {[%clk 1:12:28]} d6
{[%clk 0:34:03]} 17. exd6 {[%clk 1:11:20]} cxd6 {[%clk 0:28:34]} 18. Rfe1
{[%clk 1:10:38]} Qd7 {[%clk 0:22:34]} 19. Qa3 {[%clk 1:09:12]} b6 {[%clk
0:19:30]} 20. Nb5 {[%clk 1:08:20]} Bb7 {[%clk 0:17:11]} 21. Qxd6 {[%clk
1:07:16]} Qxd6 {[%clk 0:16:26]} 22. Nxd6 {[%clk 1:07:30]} Kd7 {[%clk 0:15:21]}
23. Nxb7 {[%clk 1:07:31]} Rab8 {[%clk 0:15:29]} 24. Ne5+ {[%clk 1:06:25]} Nxe5
{[%clk 0:15:37]} 25. dxe5 {[%clk 1:06:51]} Rxb7 {[%clk 0:15:51]} 26. Rcd1+
{[%clk 1:07:03]} Ke7 {[%clk 0:16:08]} 27. f4 {[%clk 1:07:17]} Rc8 {[%clk
0:15:32]} 28. Rc1 {[%clk 1:06:39]} Rd8 {[%clk 0:15:29]} 29. Red1 {[%clk
1:06:48]} Rxd1+ {[%clk 0:15:01]} 30. Rxd1 {[%clk 1:07:17]} Rc7 {[%clk 0:15:21]}
31. Rd2 {[%clk 1:07:11]} Rc4 {[%clk 0:14:46]} 32. g3 {[%clk 1:07:32]} g5 {[%clk
0:13:53]} 33. f5 {[%clk 1:07:22]} Re4 {[%clk 0:13:39]} 34. e6 {[%clk 1:07:01]}
Kf6 {[%clk 0:13:32]} 35. Rf2 {[%clk 1:07:10]} a5 {[%clk 0:12:51]} 36. Kf1
{[%clk 1:07:07]} Re5 {[%clk 0:12:48]} 37. b3 {[%clk 1:07:10]} h5 {[%clk
0:11:44]} 38. h3 {[%clk 1:06:38]} g4 {[%clk 0:09:56]} 39. hxg4 {[%clk 1:06:10]}
hxg4 {[%clk 0:10:18]} 40. Rf4 {[%clk 1:06:29]} b5 {[%clk 0:10:29]} 41. Rxg4
{[%clk 1:06:35]} Kxf5 {[%clk 0:10:47]} 42. Rh4 {[%clk 1:06:20]} Kxe6 {[%clk
0:10:40]} 43. Kf2 {[%clk 1:06:12]} Kf6 {[%clk 0:09:10]} 44. Kf3 {[%clk
1:06:06]} Kg5 {[%clk 0:05:44]} 45. Rg4+ {[%clk 1:06:02]} Kf5 {[%clk 0:05:19]}
46. Rf4+ {[%clk 1:05:59]} Kg5 {[%clk 0:04:58]} 47. Rf8 {[%clk 1:06:06]} b4
{[%clk 0:04:23]} 48. g4 {[%clk 1:05:42]} Rc5 {[%clk 0:15:05]} 49. Re8 {[%clk
1:19:45]} Kg6 {[%clk 0:09:17]} 50. Re4 {[%clk 1:18:38]} Rc2 {[%clk 0:08:24]}
51. Re2 {[%clk 1:18:57]} Rc5 {[%clk 0:08:38]} 52. Kf4 {[%clk 1:18:19]} Kf6
{[%clk 0:07:42]} 53. Rd2 {[%clk 1:16:41]} Ke6 {[%clk 0:06:10]} 54. Rh2 {[%clk
1:16:48]} Kf7 {[%clk 0:05:43]} 55. Rh7+ {[%clk 1:16:52]} Kg6 {[%clk 0:05:52]}
56. Ra7 {[%clk 1:17:09]} Kf6 {[%clk 0:05:26]} 57. g5+ {[%clk 1:16:29]} Kg6
{[%clk 0:05:44]} 58. Ra6+ {[%clk 1:16:49]} Kf7 {[%clk 0:05:56]} 59. Kg4 {[%clk
1:16:57]} Kg7 {[%clk 0:05:12]} 60. Kh5 {[%clk 1:16:52]} Kf7 61. Kh6 {[%clk
1:16:44]} Rc8 {[%clk 0:04:34]} 62. g6+ {[%clk 1:15:36]} Kg8 {[%clk 0:04:43]}
63. Rxa5 {[%clk 1:15:44]} Rb8 {[%clk 0:04:44]} 64. Ra7 {[%clk 1:15:37]} Kh8
{[%clk 0:04:31]} 65. Ra6 {[%clk 1:15:15]} Kg8 {[%clk 0:04:28]} 66. a3 {[%clk
1:14:41]} bxa3 {[%clk 0:04:17]} 67. Rxa3 {[%clk 1:15:00]} Kf8 {[%clk 0:04:24]}
68. Kh7 {[%clk 1:14:42]} Rb7+ {[%clk 0:04:46]} 69. Kh8 {[%clk 1:14:50]} Rb8
{[%clk 0:04:54]} 70. g7+ {[%clk 1:13:37]} Kf7+ {[%clk 0:05:13]} 71. Kh7 {[%clk
1:13:54]} Rb5 {[%clk 0:03:15]} 72. g8=Q+ {[%clk 1:13:49]} Kf6 {[%clk 0:03:34]}
73. Ra6+ {[%clk 1:14:07]} Kf5 {[%clk 0:03:55]} 74. Qe6+ {[%clk 1:14:23]} Kf4
{[%clk 0:04:11]} 75. Qc4+ {[%clk 1:14:45]} Ke3 {[%clk 0:04:21]} 76. Qxb5 {[%clk
1:15:06]} Kd2 {[%clk 0:04:46]} 77. Rd6+ {[%clk 1:15:29]} Kc3 {[%clk 0:04:57]}
78. Rd3+ {[%clk 1:15:46]} Kc2 {[%clk 0:05:21]} 79. Qc4+ {[%clk 1:16:06]} Kb2
{[%clk 0:05:45]} 80. b4 {[%clk 1:16:20]} Kb1 {[%clk 0:06:07]} 81. Qb3+ {[%clk
1:16:27]} Ka1 82. Rd1# {[%clk 1:16:51]} 1-0

[Event "DVM U12 2016"]
[Site "Magdeburg GER"]
[Date "2016.12.29"]
[Round "6"]
[White "Eisenmenger, Till"]
[Black "Joppich, Til"]
[Result "0-1"]
[Termination "normal"]
[Board "5.4"]
[WhiteElo "1477"]
[BlackElo "1483"]
[WhiteClock "00:07:49"]
[BlackClock "00:02:49"]
[WhiteTeam "Delmenhorster SK"]
[BlackTeam "Schachzwerge Magdeburg"]
[PlyCount "58"]
[WhiteFideId "16231040"]
[BlackFideId "16232917"]
[EventCountry "GER"]
[EventRounds "7"]
[EventType "team-swiss"]
[EventDate "2016.12.26"]

1. e4 {[%clk 1:15:59]} e5 {[%clk 1:15:50]} 2. Nf3 {[%clk 1:16:26]} Nc6 {[%clk
1:16:09]} 3. Nc3 {[%clk 1:16:48]} Nf6 {[%clk 1:16:19]} 4. Bb5 {[%clk 1:17:11]}
Nd4 {[%clk 1:14:50]} 5. Nxd4 {[%clk 1:17:12]} exd4 {[%clk 1:14:30]} 6. Ne2
{[%clk 1:15:33]} Nxe4 {[%clk 1:06:36]} 7. f3 {[%clk 0:54:26]} Nf6 {[%clk
1:04:29]} 8. Nxd4 {[%clk 0:49:35]} c6 {[%clk 0:59:07]} 9. Ba4 {[%clk 0:48:32]}
Be7 {[%clk 0:55:28]} 10. d3 {[%clk 0:46:40]} O-O {[%clk 0:50:51]} 11. Bd2
{[%clk 0:45:48]} Bc5 {[%clk 0:47:37]} 12. Ne2 {[%clk 0:43:27]} Re8 {[%clk
0:44:13]} 13. c3 {[%clk 0:43:02]} d5 {[%clk 0:42:05]} 14. d4 {[%clk 0:41:01]}
Bd6 {[%clk 0:42:20]} 15. Bg5 {[%clk 0:37:59]} Qe7 {[%clk 0:37:17]} 16. Qd2
{[%clk 0:34:12]} b5 {[%clk 0:35:18]} 17. Bc2 {[%clk 0:34:18]} b4 {[%clk
0:33:42]} 18. Ba4 {[%clk 0:27:37]} Ba6 {[%clk 0:28:22]} 19. Bd1 {[%clk
0:27:33]} c5 {[%clk 0:26:36]} 20. O-O {[%clk 0:24:56]} cxd4 {[%clk 0:24:28]}
21. cxd4 {[%clk 0:20:54]} Qe6 {[%clk 0:17:27]} 22. b3 {[%clk 0:19:20]} Rac8
{[%clk 0:15:26]} 23. Rb1 {[%clk 0:19:19]} Qf5 {[%clk 0:13:52]} 24. Rb2 {[%clk
0:17:28]} h6 {[%clk 0:11:21]} 25. Bxf6 {[%clk 0:16:23]} Qxf6 {[%clk 0:10:37]}
26. Rf2 {[%clk 0:16:23]} Re6 {[%clk 0:08:08]} 27. Qe1 {[%clk 0:09:48]} Qxd4
{[%clk 0:03:32]} 28. g3 {[%clk 0:09:04]} Qxb2 {[%clk 0:03:35]} 29. Kg2 {[%clk
0:07:49]} Bc5 {[%clk 0:02:49]} 0-1

[Event "DVM U12 2016"]
[Site "Magdeburg GER"]
[Date "2016.12.29"]
[Round "6"]
[White "Hetzner, Hannes"]
[Black "Jakob, Georg"]
[Result "1/2-1/2"]
[Termination "normal"]
[Board "6.1"]
[WhiteElo "1558"]
[BlackElo "1778"]
[WhiteClock "00:15:53"]
[BlackClock "00:25:04"]
[WhiteTeam "SC Erlangen"]
[BlackTeam "SG Königskinder Hohentübingen"]
[PlyCount "46"]
[WhiteFideId "16211936"]
[BlackFideId "16224221"]
[EventCountry "GER"]
[EventRounds "7"]
[EventType "team-swiss"]
[EventDate "2016.12.26"]

1. e4 {[%clk 1:15:57]} c5 {[%clk 1:15:56]} 2. Nf3 {[%clk 1:16:19]} a6 {[%clk
1:16:22]} 3. c3 {[%clk 1:16:40]} e6 {[%clk 1:16:47]} 4. d4 {[%clk 1:17:04]} d5
{[%clk 1:17:13]} 5. exd5 {[%clk 1:17:28]} exd5 {[%clk 1:17:36]} 6. Bd3 {[%clk
1:17:47]} Nf6 {[%clk 1:17:45]} 7. O-O {[%clk 1:17:14]} h6 {[%clk 1:17:48]} 8.
Re1+ {[%clk 1:16:05]} Be7 {[%clk 1:14:11]} 9. Bf4 {[%clk 1:08:36]} O-O {[%clk
1:13:33]} 10. h3 {[%clk 1:06:42]} Nc6 {[%clk 1:11:27]} 11. dxc5 {[%clk
1:00:18]} Bxc5 {[%clk 1:11:44]} 12. Nbd2 {[%clk 0:54:03]} Be6 {[%clk 1:08:15]}
13. Nb3 {[%clk 0:52:05]} Ba7 {[%clk 1:07:53]} 14. Nbd4 {[%clk 0:49:33]} Re8
{[%clk 1:06:03]} 15. Qb3 {[%clk 0:45:40]} Qd7 {[%clk 1:03:57]} 16. Rad1 {[%clk
0:36:55]} Rac8 {[%clk 0:55:55]} 17. Re2 {[%clk 0:30:02]} Nh5 {[%clk 0:38:53]}
18. Bh2 {[%clk 0:28:57]} Bb8 {[%clk 0:38:47]} 19. Nxc6 {[%clk 0:22:21]} Bxh2+
{[%clk 0:36:42]} 20. Kxh2 {[%clk 0:21:20]} Qxc6 {[%clk 0:36:28]} 21. Nd4 {[%clk
0:17:20]} Qc7+ {[%clk 0:35:37]} 22. g3 {[%clk 0:17:18]} Nf6 {[%clk 0:31:27]}
23. Rde1 {[%clk 0:15:53]} Qd7 {[%clk 0:25:04]} 1/2-1/2

[Event "DVM U12 2016"]
[Site "Magdeburg GER"]
[Date "2016.12.29"]
[Round "6"]
[White "Wang, Xinyuan"]
[Black "Högner, Tom"]
[Result "1-0"]
[Termination "normal"]
[Board "6.2"]
[WhiteElo "1688"]
[BlackElo "1550"]
[WhiteClock "00:53:45"]
[BlackClock "00:19:19"]
[WhiteTeam "SG Königskinder Hohentübingen"]
[BlackTeam "SC Erlangen"]
[PlyCount "133"]
[WhiteFideId "16221494"]
[BlackFideId "12995436"]
[EventCountry "GER"]
[EventRounds "7"]
[EventType "team-swiss"]
[EventDate "2016.12.26"]

1. d4 {[%clk 1:15:59]} d5 {[%clk 1:15:47]} 2. c4 {[%clk 1:16:21]} e6 {[%clk
1:15:58]} 3. Nc3 {[%clk 1:16:45]} Nf6 {[%clk 1:16:05]} 4. cxd5 {[%clk 1:17:09]}
exd5 {[%clk 1:16:11]} 5. Bg5 {[%clk 1:17:32]} Be7 {[%clk 1:15:33]} 6. e3 {[%clk
1:17:50]} Bf5 {[%clk 1:14:51]} 7. Bd3 {[%clk 1:14:43]} Bxd3 {[%clk 1:11:43]} 8.
Qxd3 {[%clk 1:13:47]} Qd7 {[%clk 1:11:20]} 9. Nf3 {[%clk 1:13:33]} c6 {[%clk
1:09:34]} 10. Ne5 {[%clk 1:12:05]} Qc7 {[%clk 1:09:25]} 11. Rc1 {[%clk
1:10:46]} Nbd7 {[%clk 1:09:04]} 12. Nxd7 {[%clk 1:09:36]} Qxd7 {[%clk 1:08:55]}
13. O-O {[%clk 1:09:39]} O-O {[%clk 1:08:00]} 14. Na4 {[%clk 1:05:06]} Ne4
{[%clk 1:05:37]} 15. Bxe7 {[%clk 1:04:59]} Qxe7 {[%clk 1:05:50]} 16. Nc5 {[%clk
1:03:15]} Nxc5 {[%clk 1:03:34]} 17. Rxc5 {[%clk 1:02:26]} Rfe8 {[%clk 0:59:03]}
18. a3 {[%clk 1:01:00]} Qc7 {[%clk 0:55:48]} 19. Rfc1 {[%clk 1:00:04]} Qb6
{[%clk 0:54:53]} 20. b4 {[%clk 0:59:16]} a5 {[%clk 0:53:28]} 21. b5 {[%clk
0:57:34]} cxb5 {[%clk 0:52:16]} 22. Rxb5 {[%clk 0:57:28]} Qa6 {[%clk 0:52:23]}
23. Qb3 {[%clk 0:57:19]} Rec8 {[%clk 0:45:52]} 24. Rf1 {[%clk 0:56:47]} a4
{[%clk 0:45:06]} 25. Qxd5 {[%clk 0:56:13]} Qc6 {[%clk 0:44:42]} 26. Qxc6 {[%clk
0:56:03]} bxc6 27. Rc5 {[%clk 0:56:29]} Ra6 28. Rfc1 Rb6 {[%clk 0:41:15]} 29.
g3 {[%clk 0:56:11]} g6 {[%clk 0:34:06]} 30. d5 {[%clk 0:55:58]} Rb3 {[%clk
0:29:30]} 31. Rxc6 {[%clk 0:55:52]} Rd8 {[%clk 0:27:56]} 32. d6 {[%clk
0:47:08]} Rd3 {[%clk 0:26:12]} 33. Rc8 {[%clk 0:47:11]} R3xd6 {[%clk 0:24:54]}
34. Rxd8+ {[%clk 0:47:28]} Rxd8 {[%clk 0:25:12]} 35. Rc4 {[%clk 0:47:52]} Ra8
{[%clk 0:25:25]} 36. Kf1 {[%clk 0:48:12]} Kf8 {[%clk 0:24:42]} 37. Ke2 {[%clk
0:48:37]} Ke7 {[%clk 0:24:12]} 38. Kd3 {[%clk 0:48:52]} Kd6 {[%clk 0:24:08]}
39. e4 {[%clk 0:48:56]} Ra5 {[%clk 0:22:45]} 40. f4 {[%clk 0:48:51]} f5 {[%clk
0:22:44]} 41. e5+ {[%clk 0:48:48]} Ke6 {[%clk 0:22:53]} 42. Rc6+ {[%clk
0:48:31]} Kd5 {[%clk 0:23:07]} 43. Rd6+ {[%clk 0:48:54]} Kc5 {[%clk 0:23:22]}
44. Rd7 {[%clk 0:48:43]} Rb5 {[%clk 0:22:45]} 45. e6 {[%clk 0:48:32]} Rb3+
{[%clk 0:22:08]} 46. Kd2 {[%clk 0:48:43]} Kc6 {[%clk 0:22:02]} 47. Rd3 {[%clk
0:48:23]} Rxd3+ {[%clk 0:20:06]} 48. Kxd3 {[%clk 0:48:52]} Kd6 {[%clk 0:20:21]}
49. Kc4 {[%clk 0:49:04]} Kxe6 {[%clk 0:20:44]} 50. Kc5 {[%clk 0:49:13]} h6
{[%clk 0:20:54]} 51. Kb4 {[%clk 0:49:24]} Kd5 {[%clk 0:21:07]} 52. h4 {[%clk
0:49:40]} Ke4 {[%clk 0:21:30]} 53. Kxa4 {[%clk 0:49:47]} Kf3 {[%clk 0:21:55]}
54. Kb4 {[%clk 0:50:12]} Kxg3 {[%clk 0:22:16]} 55. a4 {[%clk 0:50:38]} Kxh4
{[%clk 0:22:21]} 56. a5 {[%clk 0:50:57]} Kg4 {[%clk 0:22:47]} 57. a6 {[%clk
0:51:24]} Kxf4 {[%clk 0:23:00]} 58. a7 {[%clk 0:51:48]} Kg4 {[%clk 0:22:15]}
59. a8=Q {[%clk 0:52:10]} f4 {[%clk 0:21:03]} 60. Kc3 {[%clk 0:52:28]} g5
{[%clk 0:20:07]} 61. Qg2+ {[%clk 0:52:49]} Kf5 {[%clk 0:19:50]} 62. Kd3 {[%clk
0:53:12]} h5 {[%clk 0:19:28]} 63. Qh3+ {[%clk 0:52:45]} Kg6 {[%clk 0:18:55]}
64. Qe6+ {[%clk 0:53:09]} Kg7 {[%clk 0:19:02]} 65. Ke2 {[%clk 0:53:23]} g4
{[%clk 0:19:14]} 66. Qe5+ {[%clk 0:53:45]} Kh7 {[%clk 0:19:19]} 67. Qxh5+ 1-0

[Event "DVM U12 2016"]
[Site "Magdeburg GER"]
[Date "2016.12.29"]
[Round "6"]
[White "Zeltner, Richard"]
[Black "Aptyka, Tim"]
[Result "0-1"]
[Termination "normal"]
[Board "6.3"]
[WhiteElo "1404"]
[BlackElo "1524"]
[WhiteTeam "SC Erlangen"]
[BlackTeam "SG Königskinder Hohentübingen"]
[PlyCount "86"]
[WhiteFideId "12972703"]
[BlackFideId "16255860"]
[EventCountry "GER"]
[EventRounds "7"]
[EventType "team-swiss"]
[EventDate "2016.12.26"]

1. e4 c5 2. Nf3 a6 3. c3 e6 4. d4 d5 5. exd5 exd5 6. Bd3 Nf6 7. O-O Be7 8. Be3
c4 9. Bc2 O-O 10. b3 b5 11. Re1 Qc7 12. Qe2 Bd6 13. h3 Re8 14. Nbd2 Nbd7 15.
Nf1 Bb7 16. Qd2 Ne4 17. Qc1 Nxc3 18. Bxh7+ Kxh7 19. Qxc3 Kg8 20. Qc2 c3 21.
Rac1 Rac8 22. Red1 b4 23. a3 a5 24. Ng5 Nf6 25. g3 Ba6 26. Nh2 Bxg3 27. Ng4 Kf8
28. fxg3 Qxg3+ 29. Kh1 Nxg4 30. Rg1 Nxe3 31. Rxg3 Nxc2 32. Rxc2 Re1+ 33. Kh2
Re2+ 34. Rg2 Rxc2 35. Rxc2 Bd3 36. Rc1 bxa3 37. Nf3 a2 38. Ne1 Bg6 39. Kg2 c2
40. Kf2 a1=R 41. Rxa1 c1=Q 42. Rxc1 Rxc1 43. Ke2 Rb1 0-1

[Event "DVM U12 2016"]
[Site "Magdeburg GER"]
[Date "2016.12.29"]
[Round "6"]
[White "Dunder, Tim"]
[Black "Wu, Wilfried"]
[Result "1/2-1/2"]
[Termination "normal"]
[Board "6.4"]
[WhiteElo "1198"]
[BlackElo "1241"]
[WhiteClock "00:53:06"]
[BlackClock "00:27:33"]
[WhiteTeam "SG Königskinder Hohentübingen"]
[BlackTeam "SC Erlangen"]
[PlyCount "56"]
[BlackFideId "16260775"]
[EventCountry "GER"]
[EventRounds "7"]
[EventType "team-swiss"]
[EventDate "2016.12.26"]

1. e4 {[%clk 1:15:58]} e5 {[%clk 1:15:59]} 2. Nf3 {[%clk 1:16:20]} Nc6 {[%clk
1:16:23]} 3. Bb5 {[%clk 1:16:40]} Bc5 {[%clk 1:16:35]} 4. d3 {[%clk 1:16:53]}
d6 {[%clk 1:15:56]} 5. c3 {[%clk 1:17:15]} Nf6 {[%clk 1:15:29]} 6. O-O {[%clk
1:17:35]} Bd7 {[%clk 1:14:14]} 7. Nbd2 {[%clk 1:17:40]} a6 {[%clk 1:13:46]} 8.
Ba4 {[%clk 1:18:04]} O-O {[%clk 1:13:26]} 9. h3 {[%clk 1:18:25]} Qe7 {[%clk
1:12:47]} 10. Re1 {[%clk 1:18:32]} Rfe8 {[%clk 1:08:25]} 11. Nf1 {[%clk
1:18:26]} h6 {[%clk 1:07:08]} 12. Ng3 {[%clk 1:18:43]} Rab8 {[%clk 1:01:25]}
13. Bc2 {[%clk 1:18:55]} Be6 {[%clk 0:59:24]} 14. d4 {[%clk 1:17:58]} exd4
{[%clk 0:58:45]} 15. cxd4 {[%clk 1:18:17]} Bb4 {[%clk 0:58:50]} 16. Bd2 {[%clk
1:18:02]} Bxd2 17. Qxd2 {[%clk 1:18:27]} Bd7 {[%clk 0:57:29]} 18. Qd3 {[%clk
1:18:37]} Nb4 {[%clk 0:57:16]} 19. Qc3 {[%clk 1:18:07]} Nxc2 {[%clk 0:56:49]}
20. Qxc2 {[%clk 1:18:29]} c6 {[%clk 0:50:05]} 21. Rad1 {[%clk 1:18:01]} Rbc8
{[%clk 0:47:35]} 22. Rd2 {[%clk 1:12:44]} Qf8 {[%clk 0:40:04]} 23. Qd1 {[%clk
1:12:17]} Re7 {[%clk 0:37:25]} 24. Rde2 {[%clk 1:11:32]} Rce8 {[%clk 0:36:08]}
25. Qb3 {[%clk 1:11:43]} Bc8 {[%clk 0:33:03]} 26. Qb4 {[%clk 1:04:24]} Re6
{[%clk 0:29:14]} 27. Qc3 {[%clk 0:59:52]} d5 {[%clk 0:27:33]} 28. e5 {[%clk
0:53:06]} Nh7 1/2-1/2

[Event "DVM U12 2016"]
[Site "Magdeburg GER"]
[Date "2016.12.29"]
[Round "6"]
[White "Lutz, Ruben"]
[Black "Stockmann, Till"]
[Result "1/2-1/2"]
[Termination "normal"]
[Board "7.1"]
[WhiteElo "1843"]
[BlackElo "1688"]
[WhiteClock "00:00:48"]
[BlackClock "00:38:52"]
[WhiteTeam "USV TU Dresden"]
[BlackTeam "VfL Gräfenhainchen"]
[PlyCount "63"]
[WhiteFideId "12975974"]
[BlackFideId "12979341"]
[EventCountry "GER"]
[EventRounds "7"]
[EventType "team-swiss"]
[EventDate "2016.12.26"]

1. d4 Nf6 2. Nf3 c5 3. c3 cxd4 {[%clk 1:16:06]} 4. cxd4 {[%clk 1:15:38]} g6
{[%clk 1:16:23]} 5. Nc3 {[%clk 1:13:57]} Bg7 {[%clk 1:16:42]} 6. Bg5 {[%clk
1:11:41]} d6 {[%clk 1:13:59]} 7. e3 {[%clk 1:10:11]} O-O {[%clk 1:14:07]} 8.
Bd3 {[%clk 1:09:00]} Nc6 {[%clk 1:13:53]} 9. Rc1 {[%clk 1:08:21]} Be6 {[%clk
1:13:31]} 10. O-O {[%clk 1:01:20]} Nb4 {[%clk 1:12:43]} 11. Bb1 {[%clk
1:00:11]} Nbd5 {[%clk 1:12:21]} 12. Bxf6 {[%clk 0:54:18]} Nxf6 {[%clk 1:11:41]}
13. Qa4 {[%clk 0:33:07]} a6 {[%clk 1:10:37]} 14. Ng5 {[%clk 0:30:40]} Bd7
{[%clk 1:06:36]} 15. Qb3 {[%clk 0:30:55]} b5 {[%clk 1:05:16]} 16. Nge4 {[%clk
0:30:15]} Be6 {[%clk 1:02:30]} 17. Nxf6+ {[%clk 0:28:05]} Bxf6 {[%clk 1:01:53]}
18. d5 {[%clk 0:23:21]} Bd7 {[%clk 1:01:50]} 19. Ne2 {[%clk 0:20:26]} Qb6
{[%clk 0:59:44]} 20. Rfd1 {[%clk 0:16:20]} Rfc8 {[%clk 0:58:45]} 21. Rxc8+
{[%clk 0:14:26]} Rxc8 {[%clk 0:59:12]} 22. Nd4 {[%clk 0:14:21]} Bxd4 {[%clk
0:57:43]} 23. exd4 {[%clk 0:14:40]} Rc7 {[%clk 0:53:06]} 24. Qe3 {[%clk
0:13:23]} Bc8 {[%clk 0:51:34]} 25. Be4 {[%clk 0:12:44]} Bb7 {[%clk 0:49:57]}
26. Bf3 {[%clk 0:12:13]} Qa7 {[%clk 0:48:22]} 27. Re1 {[%clk 0:11:41]} Qa8
{[%clk 0:47:52]} 28. Qe4 {[%clk 0:08:48]} Rd7 {[%clk 0:44:56]} 29. Qg4 {[%clk
0:04:24]} Rc7 {[%clk 0:40:55]} 30. Qe4 {[%clk 0:04:37]} h5 {[%clk 0:39:55]} 31.
h3 {[%clk 0:01:48]} Rd7 {[%clk 0:38:52]} 32. Qh4 {[%clk 0:00:48]} 1/2-1/2

[Event "DVM U12 2016"]
[Site "Magdeburg GER"]
[Date "2016.12.29"]
[Round "6"]
[White "Helbig, Fabian Linus"]
[Black "Lutz, Adam"]
[Result "0-1"]
[Termination "normal"]
[Board "7.2"]
[WhiteElo "1088"]
[BlackElo "1743"]
[WhiteTeam "VfL Gräfenhainchen"]
[BlackTeam "USV TU Dresden"]
[PlyCount "58"]
[WhiteFideId "12993751"]
[BlackFideId "16226615"]
[EventCountry "GER"]
[EventRounds "7"]
[EventType "team-swiss"]
[EventDate "2016.12.26"]

1. d4 d5 2. c4 e6 3. Nc3 Nf6 4. Bg5 Nbd7 5. e3 c6 6. Bd3 Qa5 7. Nge2 dxc4 8.
Bxc4 Qxg5 9. Ng3 Nb6 10. Bd3 Nfd5 11. Nce4 Bb4+ 12. Nd2 O-O 13. O-O Nxe3 14.
fxe3 Qxe3+ 15. Kh1 Qxd3 16. Nge4 f5 17. Rf3 Qxd4 18. Nc3 Rd8 19. a3 Bxc3 20.
bxc3 Qxd2 21. Qb3 Qd5 22. Qb1 Nc4 23. Qe1 e5 24. g3 Qxf3+ 25. Kg1 Rd2 26. Qf1
Qe3+ 27. Kh1 Qe4+ 28. Kg1 Ne3 29. Qf2 Rxf2 0-1

[Event "DVM U12 2016"]
[Site "Magdeburg GER"]
[Date "2016.12.29"]
[Round "6"]
[White "Grunemann, Jonas"]
[Black "Pfefferkorn, Paul"]
[Result "1/2-1/2"]
[Termination "normal"]
[Board "7.4"]
[WhiteElo "1019"]
[BlackElo "1033"]
[WhiteClock "00:26:33"]
[BlackClock "00:22:21"]
[WhiteTeam "VfL Gräfenhainchen"]
[BlackTeam "USV TU Dresden"]
[PlyCount "42"]
[WhiteFideId "16255577"]
[BlackFideId "16255330"]
[EventCountry "GER"]
[EventRounds "7"]
[EventType "team-swiss"]
[EventDate "2016.12.26"]

1. e4 {[%clk 1:15:56]} e5 {[%clk 1:16:21]} 2. Nf3 {[%clk 1:16:21]} Nc6 {[%clk
1:16:39]} 3. Nc3 {[%clk 1:16:46]} Nf6 {[%clk 1:16:54]} 4. Bb5 {[%clk 1:17:10]}
Bd6 {[%clk 1:15:50]} 5. d3 {[%clk 1:17:03]} h6 {[%clk 1:16:01]} 6. Be3 {[%clk
1:16:09]} O-O {[%clk 1:16:12]} 7. O-O {[%clk 1:16:35]} a6 {[%clk 1:15:48]} 8.
Bxc6 {[%clk 1:16:51]} dxc6 {[%clk 1:16:09]} 9. Qd2 {[%clk 1:11:58]} Ng4 {[%clk
1:06:33]} 10. h3 {[%clk 1:10:37]} Nxe3 {[%clk 1:06:48]} 11. Qxe3 {[%clk
1:10:29]} Be6 {[%clk 1:05:20]} 12. Ne2 {[%clk 1:01:08]} f5 {[%clk 0:54:31]} 13.
exf5 {[%clk 0:54:49]} Bxf5 {[%clk 0:54:15]} 14. Nxe5 {[%clk 0:54:06]} Re8
{[%clk 0:53:17]} 15. f4 {[%clk 0:44:41]} Qf6 {[%clk 0:34:05]} 16. d4 {[%clk
0:41:39]} b6 {[%clk 0:33:38]} 17. c3 {[%clk 0:39:23]} c5 {[%clk 0:32:43]} 18.
Qd2 {[%clk 0:31:02]} cxd4 19. cxd4 {[%clk 0:29:33]} c5 {[%clk 0:22:36]} 20.
Rfe1 {[%clk 0:26:33]} cxd4 {[%clk 0:22:21]} 21. Nxd4 Rad8 1/2-1/2